• 首页
  • 本馆介绍
  • 公告通知
  • 最新文献
  • 馆藏检索
  • 电子资源
  • 读者导购
  • 参考咨询
  • 我的图书馆
  • 登录
  • 详细信息显示
  • 放入我的书架
  • 预约/预借图书
  • 作者相关作品
  • 分类相关作品
  • 丛书相关作品
  • 出版社相关作品

书目信息

  • 表格格式
  • 工作单格式
  • 卡片格式
题名:
形而上学
    
 
作者: 亚里士多德 著
分册:  
出版信息: 北京   中国人民大学出版社  2003
页数: 230页
开本: 32开
丛书名:
单 册:
中图分类: B081.1
科图分类:
主题词: 哲学学派 , 哲学学派--研究
电子资源:
ISBN: 7-300-05116-2
000 00723nam0 2200229 450
001 5842
005 20161214090516.54
010    @a7-300-05116-2@b平装@dCNY38.00
092    @b01-703-179
100    @a20031203d2003 em y0chiy0121 ea
101 0  @achi
105    @ay z 000yy
200 1  @a形而上学@f〔古希腊〕亚里士多德著
210    @a北京@c中国人民大学出版社@d2003
215    @a230页@d32开
330    @a本书阐述了亚里士多德对哲学对象和研究范围等的看法,并对柏拉图等人的哲学进行了评述。书中译文取自中文版《亚里士多德全集》第七卷。
606 0  @a哲学学派
606 0  @a哲学学派@x研究
690    @aB081.1@v4
701  0 @a亚里士多德@4著
801  0 @aCN@b大连网信软件有限公司图书馆·11@c20161214
905    @aZUCC@dB081.1@e62
    
    形而上学/〔古希腊〕亚里士多德著.-北京:中国人民大学出版社,2003
    230页;32开
    
    
    ISBN 7-300-05116-2(平装):CNY38.00
    本书阐述了亚里士多德对哲学对象和研究范围等的看法,并对柏拉图等人的哲学进行了评述。书中译文取自中文版《亚里士多德全集》第七卷。
●
相关链接 在E读中查询图书 在五车中查询图书 在当当中查询图书 在豆瓣中查询图书


正题名:形而上学     索取号:B081.1/62         预约/预借

序号 登录号 条形码 馆藏地/架位号 状态 备注
1 913371   209133711   第一样本阅览室/ [索取号:B081.1/62] 在馆    
2 913372   209133720   第一借阅区/ [索取号:B081.1/62] 在馆    
3 913373   209133739   第一借阅区/ [索取号:B081.1/62] 在馆    
4 913374   209133748   第一借阅区/ [索取号:B081.1/62] 在馆    
5 913375   209133757   第一借阅区/ [索取号:B081.1/62] 在馆    
唐山师范学院图书馆 欢迎您!
大连网信软件有限公司© 版权所有